000 00722nam a22002297a 4500
003 UA-OsUOA
001 68024
007 ta
008 20100325b un ||||| |||| 00| 0 ukr d
100 _aЮрій С.
700 _aСавельєв Є.
090 _a330
_bЮ73
942 _cSA
040 _aUA-OsUOA
_bukr
_cUA-OsUOA
_dUA-OsUOA
245 _aНовий світовий економічний порядок: історія, теорія, напрямки формування
300 _aС.353
955 _a0
041 _aukr
080 _a330
773 0 _w68023
_tЖурнал європейської економіки
_dТернопіль
_d2009
_g4
650 7 _a330 Економіка взагалі
_2UDC
999 _c354157
_d354157